| 000 -LEADER |
| fixed length control field |
00629nam a2200217Ia 4500 |
| 001 - CONTROL NUMBER |
| control field |
1746 |
| 003 - CONTROL NUMBER IDENTIFIER |
| control field |
GE_BSU |
| 008 - FIXED-LENGTH DATA ELEMENTS--GENERAL INFORMATION |
| fixed length control field |
181216s||||||||xx |||||||||||||| ||und|| |
| 040 ## - CATALOGING SOURCE |
| Transcribing agency |
GE_BSU |
| 080 ## - UNIVERSAL DECIMAL CLASSIFICATION NUMBER |
| Universal Decimal Classification number |
821.111 |
| 100 ## - MAIN ENTRY--PERSONAL NAME |
| Personal name |
Дьяконова,Н.Я. |
| 245 ## - TITLE STATEMENT |
| Title |
Аналитическое чтение(Английская поэзия XVII-XXвеков) |
| 245 ## - TITLE STATEMENT |
| Remainder of title |
Пособие для студентов |
| 260 ## - PUBLICATION, DISTRIBUTION, ETC. |
| Place of publication, distribution, etc. |
Ленинград |
| 260 ## - PUBLICATION, DISTRIBUTION, ETC. |
| Name of publisher, distributor, etc. |
,,Просвещение |
| 260 ## - PUBLICATION, DISTRIBUTION, ETC. |
| Date of publication, distribution, etc. |
1967 |
| 300 ## - PHYSICAL DESCRIPTION |
| Extent |
267стр. 21см. |
| 653 ## - INDEX TERM--UNCONTROLLED |
| Uncontrolled term |
Аналитическое чтение |
| 942 ## - ADDED ENTRY ELEMENTS (KOHA) |
| Koha item type |
წიგნი |